| 000 | 00848nam a2200253 a 4500 | ||
|---|---|---|---|
| 001 | 000023215 | ||
| 005 | 20200930022050.0 | ||
| 008 | 101130s1996 ag r 000 f spa d | ||
| 020 | _a9500816733 | ||
| 040 |
_aDO-SdBNP _bspa _cBNPHU |
||
| 041 | 1 | 7 |
_aspa _heng _2Código de idomas MARC |
| 082 |
_a813.54 _bP826h |
||
| 100 | 1 |
_aPopescu, Petru, _d1944- _947795 |
|
| 240 | 1 | 0 |
_aAlmost Adam. _lEspañol. |
| 245 | 1 | 3 |
_aLa huella de Adán / _cPetru Popescu ; traducción de Aníbal Leal. |
| 260 |
_aBuenos Aires : _bAtlántida, _c1996. |
||
| 300 |
_a519 ; _c23 cm. |
||
| 504 | _aIncluye referencias bibliográficas y notas al pie de las páginas. | ||
| 534 |
_pTítulo original en inglés: _tAlmost Adam. |
||
| 650 | 4 |
_aNovela estadounidense _9262 |
|
| 650 | 4 |
_aLiteratura estadounidense _9263 |
|
| 700 | 1 |
_aLeal, Aníbal, _etr. _94573 |
|
| 049 | _aBNGR | ||
| 999 |
_c22712 _d22712 |
||